[Event "10th American Continental (w)"]
[Site "Envigado COL"]
[Date "2018.11.17"]
[Round "1.1"]
[White "Cori Tello, Deysi"]
[Black "Cordero Loup, Ely Daniela"]
[Result "1/2-1/2"]
[WhiteElo "2406"]
[BlackElo "2085"]
[EventDate "2018.11.17"]
[PlyCount "52"]

1.Nf3 Nf6 2.b3 d5 3.Bb2 e6 4.c4 Bd6 5.g3 O-O 6.Bg2 b6 7.O-O Bb7 8.d3 c5 9.
cxd5 exd5 10.Nh4 Re8 11.Nf5 Bf8 12.d4 Nbd7 13.dxc5 bxc5 14.Nc3 Nb6 15.Qc1 
Qd7 16.Qg5 d4 17.Bxb7 Qxb7 18.Nb5 Rad8 19.Rac1 a6 20.Bxd4 cxd4 21.Rc7 Qd5 
22.Nh6+ Kh8 23.Nxf7+ Kg8 24.Nh6+ Kh8 25.Nf7+ Kg8 26.Nh6+ Kh8 1/2-1/2

[Event "10th American Continental (w)"]
[Site "Envigado COL"]
[Date "2018.11.17"]
[Round "1.2"]
[White "Besso, Guadalupe"]
[Black "Llaudy Pupo, Lisandra"]
[Result "0-1"]
[WhiteElo "2069"]
[BlackElo "2302"]
[EventDate "2018.11.17"]
[PlyCount "68"]

1.d4 Nf6 2.Nf3 e6 3.c4 Bb4+ 4.Bd2 Qe7 5.Nc3 b6 6.e3 Bb7 7.Bd3 O-O 8.O-O d6
9.a3 Bxc3 10.Bxc3 Ne4 11.Bxe4 Bxe4 12.Qe2 f5 13.Nd2 Bb7 14.f3 Nd7 15.b4 
Rf6 16.c5 Rh6 17.Rfe1 Qh4 18.Nf1 Nf6 19.Bd2 Rg6 20.cxd6 cxd6 21.Qf2 Qh5 
22.Ng3 Qg5 23.Rac1 h5 24.Rc7 Rb8 25.d5 h4 26.Nf1 Nxd5 27.Rcc1 h3 28.g3 Qh5
29.Rc4 Nf6 30.e4 fxe4 31.fxe4 Ng4 32.Qd4 Ne5 33.Qxd6 Rf8 34.Rc3 Nf3+ 0-1

[Event "10th American Continental (w)"]
[Site "Envigado COL"]
[Date "2018.11.17"]
[Round "1.3"]
[White "Castrillon Gomez, Melissa"]
[Black "Gonzalez Ochoa, Yoana"]
[Result "0-1"]
[WhiteElo "2301"]
[BlackElo "2058"]
[EventDate "2018.11.17"]
[PlyCount "122"]

1.d4 d5 2.Nf3 Nf6 3.c4 c6 4.e3 a6 5.Bd3 Bg4 6.b3 Nbd7 7.Bb2 e6 8.Qc2 Bxf3 
9.gxf3 c5 10.f4 cxd4 11.Bxd4 Nc5 12.Be2 Nce4 13.O-O Rc8 14.Nd2 Bc5 15.Bxc5
Rxc5 16.Nxe4 Nxe4 17.b4 Rc6 18.c5 O-O 19.f3 Nf6 20.Bd3 d4 21.Rad1 Qc7 22.
exd4 Qxf4 23.Be4 Nd5 24.Qd2 Qh4 25.Kh1 Re8 26.Rde1 Rd8 27.a4 Rc7 28.Rg1 
Rcd7 29.Rg4 Qf6 30.Reg1 g6 31.b5 axb5 32.axb5 Ne7 33.Qh6 Qg7 34.Qxg7+ Kxg7
35.R4g2 f5 36.c6 bxc6 37.Bxc6 Nxc6 38.bxc6 Rc7 39.Rc2 Rxd4 40.Rb1 Kf6 41.
Kg2 Rd6 42.Rbc1 e5 43.Kf2 g5 44.Ke2 h5 45.Rc5 g4 46.R1c2 f4 47.Kf2 Ke6 48.
Ke2 Rd5 49.R5c4 Kf5 50.R2c3 Ra5 51.Rc2 Ra3 52.fxg4+ hxg4 53.Kf2 e4 54.Rc5+
Ke6 55.R2c4 e3+ 56.Kg2 Ra2+ 57.Kg1 f3 58.Re4+ Kd6 59.Rc1 Rg2+ 60.Kh1 Rh7 
61.Rd1+ Kxc6 0-1

[Event "10th American Continental (w)"]
[Site "Envigado COL"]
[Date "2018.11.17"]
[Round "1.4"]
[White "Munoz Monroy, Cinthya Carolina"]
[Black "Rodriguez Rueda, Paula Andrea"]
[Result "0-1"]
[WhiteElo "2032"]
[BlackElo "2275"]
[EventDate "2018.11.17"]
[PlyCount "70"]

1.e4 c5 2.Nf3 e6 3.c3 Nf6 4.e5 Nd5 5.g3 d6 6.exd6 Bxd6 7.Bg2 O-O 8.O-O Nc6
9.d4 Qc7 10.dxc5 Bxc5 11.Nbd2 b6 12.Ne4 Ba6 13.Re1 Be7 14.Qa4 Qb7 15.Nd4 
b5 16.Qd1 Rad8 17.Nxc6 Qxc6 18.Qh5 Qb6 19.Bg5 Bxg5 20.Nxg5 h6 21.Nf3 b4 
22.Qe5 bxc3 23.bxc3 Rc8 24.Rac1 Rc5 25.Qd4 Rfc8 26.Ne5 Nxc3 27.Rc2 Ne2+ 
28.Rcxe2 Bxe2 29.Qf4 Bh5 30.Be4 Qc7 31.Bd3 Rc1 32.Rf1 Rxf1+ 33.Bxf1 f6 34.
Bc4 fxe5 35.Bxe6+ Bf7 0-1

[Event "10th American Continental (w)"]
[Site "Envigado COL"]
[Date "2018.11.17"]
[Round "1.5"]
[White "Arribas Robaina, Maritza"]
[Black "Caballero Quijano, Mitzy Mishell"]
[Result "1-0"]
[WhiteElo "2257"]
[BlackElo "1992"]
[EventDate "2018.11.17"]
[PlyCount "71"]

1.e4 e6 2.d4 d5 3.Nd2 dxe4 4.Nxe4 Nd7 5.Nf3 Ngf6 6.Nxf6+ Nxf6 7.Bd3 Be7 8.
O-O O-O 9.Bg5 c5 10.dxc5 Bxc5 11.Qe2 h6 12.Bh4 Be7 13.Rfe1 Nd7 14.Bg3 Nc5 
15.Bc4 Qb6 16.c3 Bd7 17.Rad1 Rad8 18.Ne5 Bc8 19.b4 Na6 20.a4 Rxd1 21.Rxd1 
Rd8 22.a5 Rxd1+ 23.Qxd1 Qc7 24.Qd3 Bd6 25.Bxa6 bxa6 26.Nc4 Bxg3 27.hxg3 
Kf8 28.Qd4 f6 29.Nd6 Bd7 30.c4 Ke7 31.c5 e5 32.Qc4 Be6 33.Qxa6 Bd7 34.Qc4 
Be6 35.Qe4 a6 36.Qa8 1-0

[Event "10th American Continental (w)"]
[Site "Envigado COL"]
[Date "2018.11.17"]
[Round "1.6"]
[White "Barria Baker, Raisa Melissa"]
[Black "Marrero Lopez, Yaniet"]
[Result "0-1"]
[WhiteElo "1941"]
[BlackElo "2253"]
[EventDate "2018.11.17"]
[PlyCount "62"]

1.d4 Nf6 2.Nf3 e6 3.e3 b6 4.Bd3 Bb7 5.O-O d5 6.b3 Bd6 7.Bb2 c5 8.c4 cxd4 
9.exd4 O-O 10.Nc3 Nbd7 11.Re1 a6 12.Ne5 dxc4 13.Bxc4 b5 14.Bd3 Nb6 15.Re3 
Nbd5 16.Nxd5 Bxd5 17.Rh3 h6 18.Qe2 Qb6 19.g4 Qb7 20.g5 hxg5 21.Ng4 Rfd8 
22.Nxf6+ gxf6 23.Qh5 Kf8 24.Re1 Ke7 25.Qg4 Rh8 26.Bc1 Rxh3 27.Qxh3 Rg8 28.
Bf1 Qb8 29.f3 Rh8 30.Qg4 Rh4 31.Qf5 Bxh2+ 0-1

[Event "10th American Continental (w)"]
[Site "Envigado COL"]
[Date "2018.11.17"]
[Round "1.7"]
[White "Miranda Rodriguez, Tania"]
[Black "Toro Castaneda, Elizabeth"]
[Result "1-0"]
[WhiteElo "2246"]
[BlackElo "1932"]
[EventDate "2018.11.17"]
[PlyCount "63"]

1.e4 e5 2.Nf3 Nc6 3.Bb5 a6 4.Ba4 Nf6 5.O-O Be7 6.Re1 b5 7.Bb3 d6 8.c3 O-O 
9.h3 Nb8 10.d4 Nbd7 11.Nbd2 c5 12.Nf1 Re8 13.Ng3 Bf8 14.Bc2 cxd4 15.cxd4 
exd4 16.Nxd4 d5 17.Bg5 h6 18.Bf4 dxe4 19.Nxe4 Bb7 20.Nd6 Rxe1+ 21.Qxe1 
Bxd6 22.Bxd6 Qb6 23.Nf5 Bxg2 24.Qc3 Bb7 25.Qg3 g6 26.Nxh6+ Kg7 27.Nxf7 Ne4
28.Bxe4 Bxe4 29.Ng5 Re8 30.Qb3 Qd8 31.Qf7+ Kh6 32.Bf4 1-0

[Event "10th American Continental (w)"]
[Site "Envigado COL"]
[Date "2018.11.17"]
[Round "1.8"]
[White "Prado Serrano, Alexandra Naira"]
[Black "Perez Rodriguez, Jennifer"]
[Result "0-1"]
[WhiteElo "1873"]
[BlackElo "2203"]
[EventDate "2018.11.17"]
[PlyCount "36"]

1.e4 e5 2.Nf3 Nc6 3.d4 exd4 4.Nxd4 Bb4+ 5.c3 Bc5 6.Be3 Bb6 7.Bc4 d6 8.Nd2 
Nf6 9.h3 O-O 10.O-O Nxd4 11.cxd4 d5 12.exd5 Nxd5 13.Nf3 Nxe3 14.fxe3 Qe7 
15.Ne5 Be6 16.Qf3 f6 17.Bxe6+ Qxe6 18.Nd3 Rfe8 0-1

[Event "10th American Continental (w)"]
[Site "Envigado COL"]
[Date "2018.11.17"]
[Round "1.9"]
[White "Fernandez, Maria Florencia"]
[Black "Gomez Guardo, Laura Meli"]
[Result "1-0"]
[WhiteElo "2198"]
[BlackElo "1842"]
[EventDate "2018.11.17"]
[PlyCount "81"]

1.d4 Nf6 2.c4 e6 3.Nf3 b6 4.a3 Bb7 5.Nc3 d6 6.Bg5 Nbd7 7.e3 Be7 8.Bd3 O-O 
9.O-O c5 10.Rc1 d5 11.cxd5 Nxd5 12.Bxe7 Qxe7 13.Ne4 f5 14.Neg5 h6 15.Nh3 
N5f6 16.Nf4 Kh7 17.Nh4 Rae8 18.Nxf5 exf5 19.Bxf5+ g6 20.Bxg6+ Kg7 21.Bxe8 
Rxe8 22.d5 Ne5 23.f3 Qd6 24.Ne6+ Kf7 25.e4 Ba6 26.Qd2 Bxf1 27.Qxh6 Rg8 28.
Rxf1 Nd3 29.Qd2 c4 30.b3 b5 31.bxc4 bxc4 32.Rb1 Nxd5 33.exd5 Qxd5 34.Qe3 
Qxe6 35.Qxa7+ Qe7 36.Rb7 Re8 37.a4 Nf4 38.Rxe7+ Rxe7 39.Qc5 Ne2+ 40.Kf2 c3
41.Qxe7+ 1-0

[Event "10th American Continental (w)"]
[Site "Envigado COL"]
[Date "2018.11.17"]
[Round "1.10"]
[White "Cosme Contreras, Trilce"]
[Black "Aliaga Fernandez, Ingrid"]
[Result "1/2-1/2"]
[WhiteElo "1829"]
[BlackElo "2194"]
[EventDate "2018.11.17"]
[PlyCount "90"]

1.d4 d5 2.c4 e6 3.Nc3 Nf6 4.Bg5 Be7 5.e3 O-O 6.Nf3 h6 7.Bh4 Ne4 8.Bg3 b6 
9.Be2 Bb7 10.cxd5 exd5 11.O-O Nxg3 12.hxg3 Nd7 13.Rc1 a6 14.Qb3 Nf6 15.Ne5
Qd6 16.Bf3 Rab8 17.Na4 Ba8 18.Qc3 Rbc8 19.Nc6 Bd8 20.b3 Bb7 21.Nb2 Ne4 22.
Qc2 Nf6 23.Nd3 Re8 24.Nde5 Be7 25.Qf5 Bf8 26.Rc2 Ra8 27.Rfc1 Bc8 28.Qd3 
Be6 29.g4 Rec8 30.Qd1 Nh7 31.Nd3 Ng5 32.Nf4 Nh7 33.g3 Nf6 34.Nd3 Qd7 35.
Nde5 Qe8 36.Bg2 Ba3 37.Rb1 Bd6 38.b4 Nh7 39.Rbc1 f6 40.Nd3 Bf7 41.Nf4 Bxf4
42.gxf4 Qd7 43.Qf3 Re8 44.a4 Qd6 45.Rc3 Kh8 1/2-1/2

[Event "10th American Continental (w)"]
[Site "Envigado COL"]
[Date "2018.11.17"]
[Round "1.11"]
[White "Franco Valencia, Beatriz Irene"]
[Black "Moncada Correa, Sara"]
[Result "1-0"]
[WhiteElo "2191"]
[BlackElo "1792"]
[EventDate "2018.11.17"]
[PlyCount "79"]

1.d4 d5 2.Nf3 Nf6 3.e3 Bf5 4.c4 c6 5.Qb3 Qc7 6.Nc3 e6 7.Be2 Be7 8.O-O Nbd7
9.Bd2 O-O 10.Rfc1 dxc4 11.Bxc4 Nb6 12.Be2 Ne4 13.Nxe4 Bxe4 14.Ba5 Bd5 15.
Qc2 f5 16.h3 Bd6 17.Nd2 Qe7 18.Bf3 Nd7 19.Bc3 Kh8 20.a3 Bxf3 21.Nxf3 e5 
22.dxe5 Nxe5 23.Nd4 Qf7 24.Rd1 Rad8 25.Ne2 Bc7 26.Nf4 Rfe8 27.Rd4 Rxd4 28.
Bxd4 Bb8 29.Qc3 Kg8 30.b4 h6 31.a4 g5 32.Nd3 Nxd3 33.Qxd3 Be5 34.Bxe5 Rxe5
35.Qd4 Re4 36.Qxa7 Rxb4 37.Rd1 Qc7 38.Qa8+ Kg7 39.Qe8 Kf6 40.Qf8+ 1-0

[Event "10th American Continental (w)"]
[Site "Envigado COL"]
[Date "2018.11.17"]
[Round "1.12"]
[White "Ocampo, Cristina"]
[Black "Rivera Banqueth, Ingris"]
[Result "0-1"]
[WhiteElo "1771"]
[BlackElo "2188"]
[EventDate "2018.11.17"]
[PlyCount "68"]

1.e4 c5 2.Nf3 d6 3.d4 cxd4 4.Nxd4 Nf6 5.Nc3 a6 6.a4 e5 7.Nf3 Be6 8.Ng5 Be7
9.Nxe6 fxe6 10.Bc4 Qc8 11.Bb3 Nc6 12.Be3 Na5 13.Ba2 Nc4 14.Bc1 Qc6 15.Qd3 
Rc8 16.O-O O-O 17.Qh3 d5 18.Bxc4 dxc4 19.Bg5 Bc5 20.Be3 Bd4 21.Bg5 Rc7 22.
Rae1 Rcf7 23.Re2 Nd7 24.Nd1 h6 25.Bh4 Re8 26.c3 Bb6 27.Bg3 Qxa4 28.Ne3 
Bxe3 29.Rxe3 Qc2 30.Qh5 Qxb2 31.Bxe5 Qb5 32.f4 Ref8 33.Rd1 Rxf4 34.Bxf4 
Qxh5 0-1

[Event "10th American Continental (w)"]
[Site "Envigado COL"]
[Date "2018.11.17"]
[Round "1.13"]
[White "Roca Rojas, Ana Flavia"]
[Black "Zapata, Olga Maria"]
[Result "1-0"]
[WhiteElo "2132"]
[BlackElo "1695"]
[EventDate "2018.11.17"]
[PlyCount "56"]

1.e4 d5 2.exd5 Qxd5 3.Nc3 Qa5 4.d4 c6 5.Nf3 Bf5 6.Bc4 e6 7.Bd2 Nf6 8.Nd5 
Qd8 9.Nxf6+ Qxf6 10.Qe2 Bg4 11.O-O-O Bxf3 12.gxf3 Nd7 13.h4 h6 14.Kb1 Nb6 
15.d5 Na4 16.c3 Qf5+ 17.Ka1 Qc2 18.Rb1 Nb6 19.Bb3 Qf5 20.dxe6 f6 21.e7 
Bxe7 22.Rhe1 Qc5 23.Be3 Qe5 24.f4 Qc7 25.Bc5 Nc8 26.Qe6 Rf8 27.Bc2 Qd7 28.
Rbd1 Rf7 1-0

[Event "10th American Continental (w)"]
[Site "Envigado COL"]
[Date "2018.11.17"]
[Round "1.14"]
[White "Hoyos Garces, Rosana"]
[Black "Chirivi Castiblanco, Jenny Astrid"]
[Result "0-1"]
[WhiteElo "1586"]
[BlackElo "2118"]
[EventDate "2018.11.17"]
[PlyCount "47"]

1.Nf3 d5 2.d4 Nf6 3.c4 e6 4.e3 c5 5.Nc3 a6 6.Bd3 dxc4 7.Bxc4 b5 8.Bd3 Bb7 
9.O-O Nbd7 10.Qe2 Be7 11.Rd1 Qb6 12.b3 O-O 13.Bb2 cxd4 14.Nxd4 Ne5 15.Bc2 
Rac8 16.Rac1 Rc7 17.Nb1 Ng6 18.Nd2 Rfc8 19.Bb1 Nd5 20.Rxc7 Rxc7 21.Rc1 
Rxc1+ 22.Bxc1 Ndf4 23.exf4 Qxd4 24.Qe3 0-1

[Event "10th American Continental (w)"]
[Site "Envigado COL"]
[Date "2018.11.17"]
[Round "1.15"]
[White "Ortiz Verdesoto, Anahi"]
[Black "Caballero Marrugo, Maria Jose"]
[Result "1-0"]
[WhiteElo "2115"]
[BlackElo "1338"]
[EventDate "2018.11.17"]
[PlyCount "113"]

1.d4 Nf6 2.c4 e6 3.Nf3 Bb4+ 4.Bd2 Qe7 5.e3 b6 6.Bd3 Bb7 7.O-O Bxd2 8.Nfxd2
O-O 9.Nc3 d6 10.Qe2 Nbd7 11.e4 e5 12.d5 c6 13.dxc6 Bxc6 14.Nd5 Qd8 15.b4 
Rc8 16.Rfd1 Re8 17.Qf3 Bxd5 18.cxd5 Rc3 19.Nb1 Rc8 20.Na3 a5 21.Nb5 Nb8 
22.a3 Qe7 23.Qe3 Nfd7 24.bxa5 bxa5 25.Qa7 Qf6 26.Qxa5 Nc5 27.Qe1 Nbd7 28.
Bc2 Rb8 29.a4 Rb7 30.Qe2 Ra8 31.Ra3 Na6 32.Rb1 Ndc5 33.Rf3 Qe7 34.Qc4 Nc7 
35.Na3 N7a6 36.Rxb7 Qxb7 37.Nb5 Qb6 38.Rc3 Nc7 39.Nxd6 Qxd6 40.Qxc5 Qxc5 
41.Rxc5 Ne8 42.Rc6 Rd8 43.a5 Kf8 44.Bd3 Ke7 45.a6 Rd7 46.Rb6 Nd6 47.Bb5 
Nxb5 48.Rxb5 Kd6 49.Rb6+ Kc5 50.Rb7 Rd6 51.Rxf7 Rxa6 52.f3 Rg6 53.Rc7+ Kb6
54.Re7 Rg5 55.h4 Rh5 56.Rxg7 Rxh4 57.Rg5 1-0

[Event "10th American Continental (w)"]
[Site "Envigado COL"]
[Date "2018.11.18"]
[Round "2.1"]
[White "Llaudy Pupo, Lisandra"]
[Black "Franco Valencia, Beatriz Irene"]
[Result "1-0"]
[WhiteElo "2302"]
[BlackElo "2191"]
[EventDate "2018.11.17"]
[PlyCount "111"]

1.e4 c6 2.Nf3 d5 3.exd5 cxd5 4.Ne5 Nf6 5.d4 g6 6.c3 Bg7 7.Bd3 O-O 8.O-O 
Nc6 9.f4 Nd7 10.Nf3 a6 11.a4 Qc7 12.Qe1 Nf6 13.Qh4 Na5 14.Nbd2 Nc4 15.Nxc4
dxc4 16.Bc2 Be6 17.Ne5 Bd5 18.f5 b5 19.Rf2 b4 20.cxb4 c3 21.Ra3 cxb2 22.
Bxb2 Qb7 23.fxg6 fxg6 24.Rh3 Nh5 25.Bc3 Rxf2 26.Qxf2 Rf8 27.Qd2 Nf4 28.Rh4
Ne6 29.h3 Qc7 30.Rg4 Rc8 31.Rg3 Rf8 32.Bb1 Nf4 33.Ba2 Qb7 34.Bxd5+ Nxd5 
35.Rf3 Rxf3 36.Nxf3 Qc6 37.Qa2 e6 38.Bd2 Bf8 39.Qb3 Bd6 40.Ng5 Bc7 41.Qf3 
Qd7 42.Qe4 e5 43.dxe5 Nb6 44.Nf3 Nxa4 45.e6 Qe8 46.Bh6 Bb6+ 47.Kh1 Qe7 48.
Bg5 Nc3 49.Qa8+ Qf8 50.Qb7 Bf2 51.e7 Qe8 52.Qxa6 h6 53.Bf6 Nb5 54.Qe6+ Kh7
55.Be5 Ba7 56.Qf6 1-0

[Event "10th American Continental (w)"]
[Site "Envigado COL"]
[Date "2018.11.18"]
[Round "2.2"]
[White "Rodriguez Rueda, Paula Andrea"]
[Black "Rivera Banqueth, Ingris"]
[Result "0-1"]
[WhiteElo "2275"]
[BlackElo "2188"]
[EventDate "2018.11.17"]
[PlyCount "104"]

1.d4 Nf6 2.c4 c5 3.e3 cxd4 4.exd4 d5 5.Nc3 e6 6.Nf3 Nc6 7.Be2 Be7 8.O-O 
O-O 9.Re1 a6 10.Bf4 dxc4 11.Bxc4 b5 12.Bd3 Bb7 13.Rc1 Qa5 14.a3 b4 15.axb4
Nxb4 16.Bb1 Rfd8 17.Be5 Rac8 18.Ng5 g6 19.Qe2 Nc6 20.Nxf7 Kxf7 21.Bxf6 
Bxf6 22.Qxe6+ Kg7 23.Ba2 Bxd4 24.Qf7+ Kh8 25.Qxb7 Rc7 26.Qb3 Bxf2+ 27.Kh1 
Bxe1 28.Rxe1 Qf5 29.Ne4 Ne5 30.Qb6 Rcd7 31.Bb3 Nd3 32.Be6 Qb5 33.Qxb5 axb5
34.Bxd7 Nxe1 35.Bxb5 Rd4 36.Nc3 Rb4 37.h3 Rxb2 38.Bf1 Nc2 39.Nd5 Kg7 40.
Bd3 Nd4 41.Kg1 Rd2 42.Be4 Ne2+ 43.Kh2 h5 44.Ne7 Rd6 45.Nxg6 Rxg6 46.Bxg6 
Kxg6 47.g3 Kf6 48.Kg2 Ke5 49.Kf2 Nd4 50.Kg2 Ne6 51.h4 Kf5 52.Kf3 Ng7 0-1

[Event "10th American Continental (w)"]
[Site "Envigado COL"]
[Date "2018.11.18"]
[Round "2.3"]
[White "Chirivi Castiblanco, Jenny Astrid"]
[Black "Arribas Robaina, Maritza"]
[Result "1/2-1/2"]
[WhiteElo "2118"]
[BlackElo "2257"]
[EventDate "2018.11.17"]
[PlyCount "63"]

1.c4 e5 2.Nc3 Nc6 3.Nf3 g6 4.g3 Bg7 5.Bg2 Nge7 6.O-O O-O 7.d3 Nd4 8.e3 
Nxf3+ 9.Bxf3 c6 10.d4 d6 11.dxe5 dxe5 12.Qe2 Nf5 13.Ne4 Qe7 14.b3 Rd8 15.
Bb2 Be6 16.Rfd1 Rxd1+ 17.Rxd1 Rd8 18.Rd2 b6 19.Qd1 Rxd2 20.Qxd2 Qd7 21.
Qxd7 Bxd7 22.Kf1 f6 23.Ba3 Kf7 24.h4 h5 25.Ke2 Ne7 26.Kd2 c5 27.Nc3 Bc6 
28.Bxc6 Nxc6 29.Nd5 e4 30.Bb2 f5 31.Bxg7 Kxg7 32.Ke2 1/2-1/2

[Event "10th American Continental (w)"]
[Site "Envigado COL"]
[Date "2018.11.18"]
[Round "2.4"]
[White "Marrero Lopez, Yaniet"]
[Black "Roca Rojas, Ana Flavia"]
[Result "1/2-1/2"]
[WhiteElo "2253"]
[BlackElo "2132"]
[EventDate "2018.11.17"]
[PlyCount "117"]

1.e4 c5 2.Nf3 d6 3.d4 cxd4 4.Nxd4 Nf6 5.Nc3 a6 6.g3 e5 7.Nf3 Be7 8.Bg2 O-O
9.a4 h6 10.O-O Nc6 11.h3 Be6 12.Nh4 Re8 13.Be3 Bf8 14.Nd5 Nd7 15.Nf5 Rc8 
16.Qd2 Bxd5 17.exd5 Na5 18.b3 b6 19.Qe2 Kh8 20.Rac1 Ra8 21.Qg4 Nb7 22.f4 
Nbc5 23.fxe5 Nxe5 24.Qf4 a5 25.Bd4 Qg5 26.Rce1 Ncd7 27.Qf2 Rab8 28.Be3 Qd8
29.Nd4 Qc7 30.Nc6 Nxc6 31.dxc6 Ne5 32.Bd4 Re7 33.Re3 g6 34.Rfe1 Bg7 35.c3 
Kg8 36.Bd5 Kh7 37.b4 axb4 38.cxb4 Ra8 39.Rxe5 Bxe5 40.Bxb6 Qc8 41.a5 Qxh3 
42.Bg2 Qg4 43.Re4 Qd1+ 44.Kh2 Qh5+ 45.Kg1 Qd1+ 46.Qf1 Qb3 47.Qf3 Qc2 48.c7
Rc8 49.Qf2 Qb1+ 50.Qf1 Qb3 51.Qf3 Qb1+ 52.Qf1 Qb3 53.Qf3 Qb1+ 54.Qf1 Qb3 
55.Qf3 Qb1+ 56.Kh2 Rcxc7 57.Bxc7 Rxc7 58.a6 f5 59.Re3 1/2-1/2

[Event "10th American Continental (w)"]
[Site "Envigado COL"]
[Date "2018.11.18"]
[Round "2.5"]
[White "Cervantes Landeiro, Thalia"]
[Black "Miranda Rodriguez, Tania"]
[Result "1/2-1/2"]
[WhiteElo "2098"]
[BlackElo "2246"]
[EventDate "2018.11.17"]
[PlyCount "60"]

1.d4 Nf6 2.c4 c5 3.d5 b5 4.cxb5 a6 5.bxa6 g6 6.Nc3 Bg7 7.Nf3 Bxa6 8.g3 d6 
9.Bg2 Nbd7 10.O-O Nb6 11.Rb1 Bc4 12.Nd2 Bxa2 13.Nxa2 Rxa2 14.Qb3 Ra8 15.
Qd3 Qc7 16.Nc4 O-O 17.b4 Nxc4 18.Qxc4 Rfb8 19.Bd2 Nd7 20.bxc5 Nxc5 21.Be3 
Rxb1 22.Rxb1 Ra1 23.Rxa1 Bxa1 24.Be4 Bf6 25.Bc2 Qa5 26.Bxc5 dxc5 27.Bb3 
Qc7 28.Kg2 Kg7 29.Ba2 h5 30.h4 Qa7 1/2-1/2

[Event "10th American Continental (w)"]
[Site "Envigado COL"]
[Date "2018.11.18"]
[Round "2.6"]
[White "Perez Rodriguez, Jennifer"]
[Black "Ortiz Verdesoto, Anahi"]
[Result "1/2-1/2"]
[WhiteElo "2203"]
[BlackElo "2115"]
[EventDate "2018.11.17"]
[PlyCount "232"]

1.e4 e5 2.Nf3 d6 3.d4 exd4 4.Nxd4 Nf6 5.Nc3 Be7 6.g3 O-O 7.Bg2 Re8 8.O-O 
Bf8 9.h3 c6 10.a4 Na6 11.Bf4 Nc5 12.Re1 Ne6 13.Nxe6 Bxe6 14.Qd4 Qd7 15.Kh2
b6 16.Rad1 Rad8 17.Qd3 Qc8 18.Qf1 h6 19.Rd2 d5 20.exd5 Nxd5 21.Nxd5 cxd5 
22.Be5 Bd7 23.a5 Bc6 24.axb6 axb6 25.Bd4 Qb7 26.Rxe8 Rxe8 27.Qd3 b5 28.Be3
Rd8 29.Qd4 Be7 30.Qg4 Qd7 31.Qxd7 Rxd7 32.c3 Bf6 33.Bd4 Be7 34.Rd1 b4 35.
Ra1 bxc3 36.bxc3 Bb5 37.Ra8+ Kh7 38.Bf3 Bd3 39.Ra5 Bc4 40.h4 g6 41.Ra8 Bd8
42.Bg4 f5 43.Bd1 Bb5 44.h5 gxh5 45.Bxh5 Rd6 46.Be5 Re6 47.f4 Bf6 48.Bf7 
Re7 49.Bxd5 Bxe5 50.fxe5 Rxe5 51.c4 Be8 52.Rd8 Bh5 53.c5 Re2+ 54.Kg1 Be8 
55.c6 Bxc6 56.Bxc6 Kg6 57.Rd4 Kg5 58.Rf4 Rd2 59.Bf3 Rb2 60.Kf1 Ra2 61.Be2 
Ra1+ 62.Kf2 Ra3 63.Bc4 Ra4 64.Ke2 Ra5 65.Bd3 Re5+ 66.Kf2 Rd5 67.Be2 Ra5 
68.Rb4 Ra3 69.Rb5 Kf6 70.Bf1 Ra2+ 71.Ke3 Kg5 72.Be2 Ra3+ 73.Kf2 Kg6 74.Rb4
Kg5 75.Rb8 Rc3 76.Rg8+ Kf6 77.Bh5 Rc2+ 78.Kg1 Ke5 79.Rg6 f4 80.g4 f3 81.g5
hxg5 82.Bxf3 Kf4 83.Bd1 Rd2 84.Bh5 Rb2 85.Kf1 Rh2 86.Be2 Rh3 87.Kg2 Ra3 
88.Kf2 Ra2 89.Rb6 Ra4 90.Rf6+ Ke5 91.Rb6 Kf4 92.Rb3 Ra2 93.Rb4+ Kf5 94.Ke3
Kf6 95.Bd3 Rg2 96.Rb6+ Ke5 97.Rb5+ Kf6 98.Kd4 g4 99.Rf5+ Ke6 100.Rf4 g3 
101.Rg4 Rg1 102.Be4 Kf6 103.Ke3 Ke5 104.Rg5+ Kf6 105.Rb5 Rf1 106.Rb2 Kg5 
107.Rb5+ Kg4 108.Rb2 Re1+ 109.Kd4 Kf4 110.Bc6 Rd1+ 111.Kc5 Kg4 112.Bg2 Kf4
113.Kc4 Ke3 114.Bb7 Rd4+ 115.Kc3 Rd3+ 116.Kc4 Rd4+ 1/2-1/2

[Event "10th American Continental (w)"]
[Site "Envigado COL"]
[Date "2018.11.18"]
[Round "2.7"]
[White "Gonzalez Ochoa, Yoana"]
[Black "Fernandez, Maria Florencia"]
[Result "1/2-1/2"]
[WhiteElo "2058"]
[BlackElo "2198"]
[EventDate "2018.11.17"]
[PlyCount "177"]

1.e4 d6 2.d4 Nf6 3.Nc3 g6 4.Nf3 Bg7 5.h3 O-O 6.Be3 c6 7.a4 a5 8.Bd3 Na6 9.
O-O Nb4 10.Be2 Re8 11.Nd2 e5 12.dxe5 dxe5 13.Ncb1 Be6 14.Na3 Qe7 15.c3 Na6
16.Qc2 Nc5 17.Rfb1 Nfd7 18.Nac4 Bxc4 19.Nxc4 Ne6 20.b4 axb4 21.Rxb4 b5 22.
Nb6 Nxb6 23.Bxb6 Nd4 24.Qb2 c5 25.Rxb5 Nxb5 26.Bxb5 Reb8 27.Bc6 Ra5 28.Rb1
Qf6 29.Bd5 Rxa4 30.Qc2 Ra6 31.Bxc5 Qd8 32.Rd1 Qc7 33.Qe2 Rf6 34.Bb4 Bf8 
35.Bxf8 Rxf8 36.c4 Rb8 37.Ra1 Kg7 38.Qe3 Rb2 39.Ra7 Qb8 40.f3 Rb3 41.Qc5 
Rc3 42.Kh2 Rc2 43.Ra8 Qd6 44.Qxd6 Rxd6 45.Ra7 Rf6 46.Kg1 h5 47.h4 Kh6 48.
Rxf7 Ra6 49.c5 Ra1+ 50.Kh2 Re1 51.Be6 Rxc5 52.Kg3 Rd1 53.Bh3 Rd6 54.Re7 g5
55.hxg5+ Kxg5 56.Rg7+ Rg6 57.Rxg6+ Kxg6 58.Kh4 Rc3 59.Bd7 Kh6 60.Be6 Rc6 
61.Bf5 Rc1 62.Bh3 Rf1 63.Bf5 Rh1+ 64.Bh3 Rf1 65.Bf5 Rf2 66.Bh3 Rc2 67.g4 
Rc3 68.g5+ Kg6 69.Bf5+ Kg7 70.Kxh5 Rxf3 71.Kg4 Rf1 72.Kh5 Rf4 73.Bg6 Kf8 
74.Bf5 Kf7 75.Bg6+ Kg7 76.Bf5 Rf2 77.Kg4 Re2 78.Kh5 Rg2 79.Kh4 Rh2+ 80.Kg4
Rh1 81.Bd7 Rd1 82.Be6 Kg6 83.Bf5+ Kf7 84.Kh5 Rg1 85.Kh4 Rf1 86.Kh5 Rf4 87.
Bg6+ Kg8 88.Bf5 Kg7 89.Bg6 1/2-1/2

[Event "10th American Continental (w)"]
[Site "Envigado COL"]
[Date "2018.11.18"]
[Round "2.8"]
[White "Aliaga Fernandez, Ingrid"]
[Black "Cori Tello, Deysi"]
[Result "1/2-1/2"]
[WhiteElo "2194"]
[BlackElo "2406"]
[EventDate "2018.11.17"]
[PlyCount "55"]

1.e4 e5 2.Nf3 Nf6 3.Nxe5 d6 4.Nf3 Nxe4 5.d4 d5 6.Bd3 Be7 7.O-O Nc6 8.c4 
Nb4 9.Be2 O-O 10.Nc3 Bf5 11.a3 Nxc3 12.bxc3 Nc6 13.cxd5 Qxd5 14.Bf4 Rac8 
15.c4 Qe4 16.Be3 Bf6 17.Ra2 Na5 18.Qa4 b6 19.Rd2 Rfe8 20.Rfd1 h6 21.h3 
Rcd8 22.Qb4 Qb7 23.d5 Qc8 24.Nh2 c5 25.dxc6 Rxd2 26.Rxd2 Nxc6 27.Qa4 Bc3 
28.Rd1 1/2-1/2

[Event "10th American Continental (w)"]
[Site "Envigado COL"]
[Date "2018.11.18"]
[Round "2.9"]
[White "Cordero Loup, Ely Daniela"]
[Black "Cosme Contreras, Trilce"]
[Result "0-1"]
[WhiteElo "2085"]
[BlackElo "1829"]
[EventDate "2018.11.17"]
[PlyCount "91"]

1.d4 Nf6 2.Nf3 g6 3.c4 Bg7 4.g3 O-O 5.Bg2 d6 6.O-O Nc6 7.d5 Na5 8.Nfd2 c5 
9.a3 b6 10.b4 Nb7 11.Bb2 a6 12.Nc3 Bd7 13.h3 b5 14.Re1 Rc8 15.cxb5 axb5 
16.Rc1 Qb6 17.Qb3 Nh5 18.e3 f5 19.Ne2 Nf6 20.Nf4 Kh8 21.e4 g5 22.Ne6 Bxe6 
23.dxe6 c4 24.Qc2 fxe4 25.Nxe4 Nxe4 26.Bxg7+ Kxg7 27.Bxe4 h6 28.Qc3+ Rf6 
29.Re2 Rf8 30.Bd5 Nd8 31.Rcc2 Nc6 32.Bxc6 Qxc6 33.Re3 Kh7 34.Qd4 Qb7 35.a4
bxa4 36.Qxc4 Qb6 37.Qe4+ Kg7 38.Ra2 d5 39.Qe5 d4 40.Rf3 Qxb4 41.Raa3 Rc8 
42.Rxf6 exf6 43.Qd5 Rc7 44.Qd8 Ra7 45.Rf3 Re7 46.Qd5 0-1

[Event "10th American Continental (w)"]
[Site "Envigado COL"]
[Date "2018.11.18"]
[Round "2.10"]
[White "Gomez Guardo, Laura Meli"]
[Black "Castrillon Gomez, Melissa"]
[Result "1/2-1/2"]
[WhiteElo "1842"]
[BlackElo "2301"]
[EventDate "2018.11.17"]
[PlyCount "91"]

1.d4 Nf6 2.c4 c5 3.d5 b5 4.cxb5 a6 5.bxa6 g6 6.Nc3 Bg7 7.a7 Rxa7 8.e4 O-O 
9.Nf3 d6 10.Be2 Ba6 11.O-O Nfd7 12.a4 c4 13.Nd4 Rb7 14.Nc6 Qe8 15.Na5 Rc7 
16.Be3 Ne5 17.Qd2 Nd3 18.Ra3 f5 19.exf5 gxf5 20.Bxd3 cxd3 21.Rc1 Qf7 22.b4
f4 23.Bb6 Rxc3 24.Raxc3 Bxc3 25.Rxc3 Nd7 26.Ba7 Qxd5 27.Nc6 Rf7 28.b5 Bb7 
29.Qxd3 Qe6 30.Qf1 Rf8 31.a5 Ne5 32.a6 Bxc6 33.bxc6 d5 34.c7 Nc4 35.Qa1 
Ra8 36.Rb3 Kf7 37.Rb8 Qc6 38.Rxa8 Qxa8 39.Bb8 Nb6 40.h3 Qc6 41.Qb1 f3 42.
Qxh7+ Ke8 43.Qg8+ Kd7 44.Qd8+ Ke6 45.Qg8+ Kd7 46.Qg4+ 1/2-1/2